000
00223nam a2200097Ia 4500
008
240331s9999 xx 000 0 und d
082
_b
ENG
100
_a
Chidambaranatha C. ed
245
0
_a
English tamil dictionary
942
_c
L
999
_c
3217
_d
3217